| 000 | 00478nam a22001457a 4500 | ||
|---|---|---|---|
| 008 | 151026b xxu||||| |||| 00| 0 eng d | ||
| 080 | _a134.3 | ||
| 100 | _aMATUSSE, Gilberto | ||
| 245 |
_aA Construcao da imagem de mocambicanidade em jose Craveirinha,Mia couto e ungulani Ba ka Khosa _cGilberto Matusse |
||
| 250 | _aS.ed | ||
| 260 |
_aMaputo _bLivraria Universitaria -Universidade Eduardo Mondlane |
||
| 300 |
_a206p _b _c _e _f _g |
||
| 650 | _aPortugues | ||
| 942 |
_2udc _cBK |
||
| 999 |
_c33704 _d33704 |
||